Declaraciones sobre normas de auditoria (Tomo ll)/ (Registro nro. 8937)

Detalles MARC
000 -LEADER
fixed length control field 00943nam a2200205Ia 4500
005 - FECHA Y HORA DE LA ÚLTIMA TRANSACCIÓN
control field 20230821150652.0
008 - FIXED-LENGTH DATA ELEMENTS--GENERAL INFORMATION
fixed length control field 230814s9999 xx 000 0 und d
020 ## - INTERNATIONAL STANDARD BOOK NUMBER
International Standard Book Number 9686037241
040 ## - CATALOGING SOURCE
Original cataloging agency UPAN
Transcribing agency Biblioteca San Vicente
Description conventions RCAA2
041 ## - LANGUAGE CODE
Language code of text/sound track or separate title spa
082 ## - DEWEY DECIMAL CLASSIFICATION NUMBER
Classification number 659.45
Item number I59d
año de publicación 1996
110 ## - MAIN ENTRY--CORPORATE NAME
Corporate name or jurisdiction name as entry element Comite ejecutivo de normas de auditorias
245 #0 - TITLE STATEMENT
Title Declaraciones sobre normas de auditoria (Tomo ll)/
Remainder of title Comite ejecutivo de normas de auditorias
250 ## - EDITION STATEMENT
Edition statement 4° reim.
260 ## - PUBLICATION, DISTRIBUTION, ETC. (IMPRINT)
Place of publication, distribution, etc Mexico:
Name of publisher, distributor, etc IMCP,
Date of publication, distribution, etc 1998
300 ## - PHYSICAL DESCRIPTION
Extent 318 p.;
Dimensions 22 cm.
505 ## - FORMATTED CONTENTS NOTE
Formatted contents note 1. Introducción<br/>2. Dictamen estándar del auditor<br/>3. Circunstancia que originan apartarse del dictamen estándar del auditor<br/>4. Opinión sin salvedades<br/>5. Opinión con salvedades<br/>6. Opinión adversa<br/>7. Abstención de opinión<br/>8. Opinión parcial<br/>9. Dictamen sobre estados comparativos<br/>10. Fecha en que entra en vigor <br/>
650 ## - SUBJECT ADDED ENTRY--TOPICAL TERM
Source of heading or term LEMB
Topical term or geographic name as entry element Normas
General subdivision Auditoria
942 ## - ADDED ENTRY ELEMENTS (KOHA)
Koha item type Libros
Source of classification or shelving scheme Dewey Decimal Classification
Existencias
Withdrawn status Lost status Source of classification or shelving scheme Damaged status Not for loan Collection code Home library Current library Date acquired Total Checkouts Full call number Barcode Date last seen Copy number Price effective from Koha item type
    Dewey Decimal Classification     Colección General Biblioteca UPAN San Vicente Biblioteca UPAN San Vicente 14/08/2023   659.45 I59d 12001607 14/08/2023 01 14/08/2023 Libros
    Dewey Decimal Classification     Colección General Biblioteca UPAN San Vicente Biblioteca UPAN San Vicente 14/08/2023   659.45 I59d 12001605 21/08/2023 02 14/08/2023 Libros
    Dewey Decimal Classification     Colección General Biblioteca UPAN San Vicente Biblioteca UPAN San Vicente 14/08/2023   659.45 I59d 12001606 21/08/2023 03 14/08/2023 Libros